000 00528ntaaa2200205 4500
003 01
005 20251027202039.0
008 0714s1973 ag 01
040 _aAR-BaBN
_bspa
_cAR-BaBN
_eaacr
_dRIC
082 _a251.0000 V88
100 _aVolbeda, Samuel
_919074
245 _aThe pastoral genius of preaching
250 _a1 ed.
260 _aGrand Rapids :
_bZondervan Publishing House,
_cc1960
300 _a85 p
650 _ahomilética
_91351
650 _apastor
700 _aEvenhuis, Robert
_919075
942 _cBK
999 _c15276
_d15276